| 000 | 01159cam a22003495a 4500 | ||
|---|---|---|---|
| 003 | EG-ScBUE | ||
| 005 | 20220227122607.0 | ||
| 008 | 150813s2006 ua f d 000 f eng d | ||
| 020 | _a9774160320 | ||
| 020 | _a9789774160325 | ||
| 035 | _a(OCoLC)ocm53122402 | ||
| 040 |
_aEG-ScBUE _beng _erda _cEG-ScBUE _dEG-ScBUE |
||
| 041 | 1 |
_aeng _hara |
|
| 082 | 0 | 4 |
_a892.736 _bMAH _222 |
| 100 | 1 |
_aMaḥfūẓ, Najīb, _d1911-2006, _eauthor. |
|
| 240 | 1 | 0 |
_a'Abath al-aqdar. _hEnglish |
| 245 | 1 | 0 |
_aKhufu's wisdom / _cNaguib Mahfouz ; translated by Raymond Stock. |
| 264 | 1 |
_aCairo : _bThe American University in Cairo Press, _c2006. |
|
| 300 |
_ax, 193 pages : _c24 cm. |
||
| 336 |
_2rdacontent _atext _btxt |
||
| 337 |
_2rdamedia _aunmediated _bn |
||
| 338 |
_2rdacarrier _avolume _bnc |
||
| 490 | 0 | _aModern Arabic literature | |
| 500 | _aIncludes glossary. | ||
| 546 | _aText in English ; translated from original Arabic. | ||
| 650 | 7 |
_aPharaohs _vFiction. _2BUEsh _91526 |
|
| 651 | 7 |
_aEgypt _vFiction. _2BUEsh |
|
| 653 |
_bARALIT _cAugust2015 |
||
| 655 |
_vReading book _934232 |
||
| 700 | 1 |
_aStock, Raymond T., _etranslator. _91516 |
|
| 942 |
_cBB _2ddc |
||
| 999 |
_c2695 _d2695 |
||